Vista normal
Vista MARC
- NEGOCIACIÓN
Entrada Topical Term
Número de registros utilizados en: 1
001 - CONTROL NUMBER
- control field: 81441
003 - CONTROL NUMBER IDENTIFIER
- control field: OSt
005 - DATE AND TIME OF LATEST TRANSACTION
- control field: 20230627162945.0
008 - FIXED-LENGTH DATA ELEMENTS
- fixed length control field: 230627|| aca||aabn | a|a d
040 ## - CATALOGING SOURCE
- Original cataloging agency: OSt
- Transcribing agency: OSt
150 ## - HEADING--TOPICAL TERM
- Topical term or geographic name entry element: NEGOCIACIÓN
670 ## - SOURCE DATA FOUND
- Source citation: Work cat.: (OSt)3923: Montero Miguel, Roberto 81431, Java 8, 2011